Statistics for Africa Geography by Letter - B

Click here to take the quiz!

General Stats

  • This quiz has been taken 188 times
  • The average score is 12 of 20

Answer Stats

HintAnswer% Correct
Country that produces the most diamondsBotswana
98%
Small country in East AfricaBurundi
98%
Judicial capital of South AfricaBloemfontein
95%
Landlocked country in West AfricaBurkina Faso
95%
Country formerly called DahomeyBenin
94%
Capital and largest city of the Republic of the CongoBrazzaville
93%
Capital and largest city of MaliBamako
90%
Capital and largest city of the Central African RepublicBangui
82%
Capital city of The GambiaBanjul
80%
Capital city of a West African country to which it lends its nameBissau
79%
Ethnic group native to the MaghrebBerbers
64%
Largest city in the above countryBujumbura
64%
A people group and language family native to Central and Southern AfricaBantu
42%
State which seceded from Nigeria and existed from 1967-1970Biafra
39%
Island of Equatorial Guinea which contains the nation's capitalBioko
24%
Demonym for the above countryBurkinabé
24%
Northernmost island in the Seychelles, named for the large amount of sooty terns which nest on itBird Island
13%
Public square in Accra, often used for Ghana's important eventsBlack Star Square
4%
Sandy archipelago in MozambiqueBazaruto
2%
Large lake in ZambiaLake Bangweulu
2%

Score Distribution

Percentile by Number Answered

Percent of People with Each Score

Your Score History

You have not taken this quiz